Statystyki dla Dodatkowe Złe postacie z skibidi toilet

Kliknij tutaj aby rozwiązać quiz!

Ogólne statystyki

  • Ten quiz został rozwiązany 15 razy
    (10 od ostatniego zresetowania)
  • Średni wynik to 4 z 10

Statystyki odpowiedzi

OdcinekNazwa% Poprawnych
Only mongolMongol toilet
89%
Russia 1Putin toilet
67%
America 2Obama toilet
56%
America 3Donald Trump toilet
44%
AmericaJoe Biden toilet
33%
America 2Eagle toilet
22%
The skibidi warsEmperor G-man toilet
11%
The Skibidi warsLaser 3310 G-man toilet
11%
Skibidi toiletSleepwalk toilet
11%
The skibidi warsToilet Emperor
11%

Rozkład punktacji

Percentyl według liczby udzielonych odpowiedzi

Procent ludzi z każdym wynikiem

Twoja historia wyników

Nie rozwiązałeś tego quizu od ostatniego zresetowania